[Event "LLHH 1819 SV Großhansdorf - Barmbeker "]
[Site "?"]
[Date "2019.02.03"]
[Round "6.8"]
[White "Willers, Nico"]
[Black "Stiemer, Soenke"]
[Result "1/2-1/2"]
[WhiteElo "1651"]
[BlackElo "2048"]
[PlyCount "42"]
[EventDate "2019.??.??"]

1. d4 e6 2. Nf3 f5 3. Bf4 Nf6 4. c4 d5 5. e3 Bd6 6. Ne5 O-O 7. Nd2 b6 8. Be2
Bb7 9. O-O Nbd7 10. Ndf3 Ne4 11. Nxd7 Qxd7 12. Ne5 Qe7 13. f3 Nf6 14. Bg3 Nd7
15. f4 Rac8 16. Qa4 Bxe5 17. fxe5 Ra8 18. Bh4 Qf7 19. Rac1 Rfc8 20. cxd5 Bxd5
21. Bb5 Nb8 1/2-1/2

[Event "LLHH 1819 FC St. Pauli III - TV Fischbe"]
[Site "?"]
[Date "2019.02.24"]
[Round "7.1"]
[White "Serrer, Christoph"]
[Black "Goepfert, Jakob"]
[Result "1-0"]
[WhiteElo "2282"]
[BlackElo "2136"]
[PlyCount "163"]
[EventDate "2019.??.??"]

1. e4 c6 2. d4 d5 3. exd5 cxd5 4. Bd3 Nc6 5. c3 Qc7 6. Ne2 Bg4 7. O-O e6 8. Qe1
Bd6 9. f3 Bh5 10. Qh4 Bg6 11. Bxg6 fxg6 12. Nf4 Kf7 13. Nh3 Nf6 14. Ng5+ Ke7
15. Re1 Nd8 16. f4 h6 17. Nf3 Nf7 18. Qh3 Bxf4 19. Nh4 Ng5 20. Nxg6+ Kd7 21.
Qh4 Bxc1 22. Rxc1 Rhe8 23. Ne5+ Ke7 24. Qg3 Qb6 25. Rc2 Kf8 26. Nd2 Kg8 27. Rf1
Rf8 28. Rxf6 Rxf6 29. Nd7 Qd8 30. Nxf6+ Qxf6 31. h4 Qf5 32. Rc1 Ne4 33. Nxe4
Qxe4 34. Re1 Qf5 35. Qd6 Re8 36. Rf1 Qe4 37. Qd7 Rf8 38. Rxf8+ Kxf8 39. Qc8+
Kf7 40. Qxb7+ Kg6 41. Qe7 Qe3+ 42. Kh2 Qf4+ 43. Kh3 Qf5+ 44. Kg3 Qd3+ 45. Kh2
Qe4 46. h5+ Kh7 47. Qf7 Qh4+ 48. Kg1 Qe1+ 49. Qf1 Qe3+ 50. Qf2 Qg5 51. Qe2 Qf5
52. b4 Qb1+ 53. Kh2 Qf5 54. a4 Qf4+ 55. Kh3 Qc1 56. Qf3 a6 57. a5 Kg8 58. Kg3
Qg5+ 59. Qg4 Qe3+ 60. Kh2 Qe1 61. Qg3 Qe2 62. Qf3 Qe1 63. Kh3 Qh1+ 64. Kg3 Qe1+
65. Kf4 Kf7 66. Kg4+ Kg8 67. Qd3 Qc1 68. Qf3 Qg5+ 69. Kh3 Qc1 70. Kg3 Qe1+ 71.
Kh2 Qh4+ 72. Qh3 Qe1 73. Qg3 Qc1 74. Qd6 Qe1 75. Qe5 Qh4+ 76. Kg1 Kf7 77. g3
Qh3 78. b5 Kg8 79. b6 Qg4 80. b7 Qd1+ 81. Kg2 Kh7 82. b8=Q 1-0

[Event "LLHH 1819 FC St. Pauli III - TV Fischbe"]
[Site "?"]
[Date "2019.02.24"]
[Round "7.2"]
[White "Wronn, Bernd"]
[Black "de Voogt, Juergen"]
[Result "0-1"]
[WhiteElo "2156"]
[BlackElo "2214"]
[PlyCount "119"]
[EventDate "2019.??.??"]

1. Nf3 d6 2. d4 g6 3. c4 Bg7 4. Nc3 Bg4 5. Be3 Nd7 6. Qb3 Nh6 7. Ng5 e5 8. dxe5
Nxe5 9. h3 Bd7 10. g4 Bc6 11. Nd5 O-O 12. Bg2 a6 13. O-O b5 14. cxb5 axb5 15.
Ne4 Kh8 16. Bg5 Qb8 17. Ne7 Bxe4 18. Bxe4 Ra4 19. Bg2 Ng8 20. Nc6 Qb6 21. Be3
Qa6 22. Nxe5 Bxe5 23. f4 Bg7 24. f5 c5 25. a3 c4 26. Qc2 c3 27. bxc3 Rxa3 28.
Qb2 Rxa1 29. Rxa1 Qc8 30. Ra8 Qc4 31. Rxf8 Bxf8 32. Qd2 Bg7 33. fxg6 Bxc3 34.
Qxd6 hxg6 35. Kf2 Qe6 36. Qb8 b4 37. Qb7 Kg7 38. Qd5 Be1+ 39. Kxe1 Qxe3 40. Qd3
Qg1+ 41. Bf1 Nf6 42. e3 Qh2 43. Qc4 Qb2 44. Qd4 Qb1+ 45. Kf2 b3 46. Bd3 Qa2+
47. Kg3 Qa5 48. h4 Qc7+ 49. Kg2 Qd7 50. Qxd7 Nxd7 51. Kf2 Ne5 52. Ke2 Nxg4 53.
Kd2 Kh6 54. e4 Kh5 55. Kc3 Kxh4 56. Kxb3 Kg3 57. Kc3 Kf4 58. Kd4 g5 59. Bf1 f6
60. Be2 0-1

[Event "LLHH 1819 FC St. Pauli III - TV Fischbe"]
[Site "?"]
[Date "2019.02.24"]
[Round "7.3"]
[White "Kneip, Jakob"]
[Black "Kluth, Carsten"]
[Result "1/2-1/2"]
[WhiteElo "2102"]
[BlackElo "2109"]
[PlyCount "32"]
[EventDate "2019.??.??"]

1. e4 c5 2. Nf3 a6 3. c3 d5 4. exd5 Qxd5 5. d4 e6 6. Be2 Nf6 7. O-O Nbd7 8. Bf4
Be7 9. Ne5 Nxe5 10. Bxe5 O-O 11. Bf3 Qd8 12. Qb3 cxd4 13. Rd1 Nd7 14. Bxd4 Qc7
15. Nd2 e5 16. Be3 Nc5 1/2-1/2

[Event "LLHH 1819 FC St. Pauli III - TV Fischbe"]
[Site "?"]
[Date "2019.02.24"]
[Round "7.4"]
[White "Thomaschke, Dirk"]
[Black "Brandt, Carina"]
[Result "1-0"]
[WhiteElo "2146"]
[BlackElo "2091"]
[PlyCount "81"]
[EventDate "2019.??.??"]

1. e4 e6 2. d4 d5 3. Nd2 Be7 4. Bd3 c5 5. dxc5 Nf6 6. Qe2 Nc6 7. Ngf3 Bxc5 8.
e5 Nd7 9. Nb3 Be7 10. O-O g5 11. c4 g4 12. Nfd4 Ncxe5 13. cxd5 Nxd3 14. Qxd3 e5
15. Nf5 f6 16. Bh6 Nb6 17. Ng7+ Kf7 18. Rfd1 Qd6 19. Nf5 Bxf5 20. Qxf5 Rag8 21.
Rac1 Rg6 22. Be3 Nxd5 23. Qe4 Rd8 24. Rc5 Nc3 25. Qc4+ Qe6 26. Rxd8 Nxa2 27.
Qxe6+ Kxe6 28. Re8 Kd7 29. Rcc8 f5 30. Nc5+ Bxc5 31. Bxc5 Ra6 32. g3 f4 33.
gxf4 exf4 34. Ba3 f3 35. Red8+ Ke6 36. Rh8 Ra4 37. Rxh7 Rd4 38. Re7+ Kf6 39.
Re1 b5 40. Rc6+ Kf7 41. Re7+ 1-0

[Event "LLHH 1819 FC St. Pauli III - TV Fischbe"]
[Site "?"]
[Date "2019.02.24"]
[Round "7.5"]
[White "Schermer, Denis"]
[Black "David, Torsten"]
[Result "1/2-1/2"]
[WhiteElo "2014"]
[BlackElo "2052"]
[PlyCount "87"]
[EventDate "2019.??.??"]

1. d4 Nf6 2. c4 e6 3. Nf3 Bb4+ 4. Bd2 Qe7 5. g3 Nc6 6. Nc3 Bxc3 7. Bxc3 Ne4 8.
Rc1 O-O 9. Bg2 d6 10. d5 Nxc3 11. Rxc3 Nb8 12. dxe6 fxe6 13. Nd4 e5 14. Nc2 Nc6
15. b4 Bf5 16. Ne3 Nxb4 17. Qb3 c5 18. O-O Nc6 19. Nd5 Qd7 20. e3 Rab8 21. Rd1
e4 22. Qb1 Ne5 23. Bxe4 Nf3+ 24. Kg2 Bh3+ 25. Kh1 Ng5 26. f4 Nxe4 27. Qxe4 Rbe8
28. Qd3 Bf5 29. Qf1 Re6 30. Rd2 Rfe8 31. Qf2 Rh6 32. Kg1 Be4 33. Ra3 b6 34. Nc3
Bc6 35. Nd5 Rhe6 36. Qe2 Bxd5 37. Rxd5 Qe7 38. Kf2 Qf7 39. Qg4 g6 40. h4 Qf6
41. Qe2 R8e7 42. Rad3 a6 43. a4 Qa1 44. Rxd6 1/2-1/2

[Event "LLHH 1819 FC St. Pauli III - TV Fischbe"]
[Site "?"]
[Date "2019.02.24"]
[Round "7.6"]
[White "Knecht, Guntram"]
[Black "Schneider, Alexander"]
[Result "0-1"]
[WhiteElo "2020"]
[BlackElo "2124"]
[PlyCount "80"]
[EventDate "2019.??.??"]

1. e4 c6 2. d4 d5 3. exd5 cxd5 4. Bd3 Nc6 5. c3 Qc7 6. Ne2 Bg4 7. Na3 Nf6 8.
Qb3 a6 9. Bf4 Qc8 10. O-O e6 11. Nc2 Be7 12. Ne3 Bh5 13. Bg3 Bg6 14. Bxg6 hxg6
15. c4 dxc4 16. Nxc4 Nd5 17. Nd6+ Bxd6 18. Bxd6 Qd7 19. Bc5 b6 20. Ba3 O-O-O
21. Rfd1 Kb7 22. Rac1 Rh4 23. g3 Rh3 24. Kg2 Rdh8 25. Rh1 g5 26. Ng1 Nxd4 27.
Qd1 R3h6 28. Nf3 Nf5 29. Ne5 Qe8 30. Qe2 Nh4+ 31. Kf1 Nf5 32. Kg2 f6 33. Ng4
Rh4 34. Rhe1 Qh5 35. Qc4 Rd8 36. gxh4 Nxh4+ 37. Kf1 Nf3 38. Rxe6 Nd2+ 39. Ke2
Nxc4 40. Rxc4 Nf4+ 0-1

[Event "LLHH 1819 FC St. Pauli III - TV Fischbe"]
[Site "?"]
[Date "2019.02.24"]
[Round "7.7"]
[White "Peters, Thomas"]
[Black "Mueller, Frank"]
[Result "0-1"]
[WhiteElo "1807"]
[BlackElo "2081"]
[PlyCount "116"]
[EventDate "2019.??.??"]

1. Nc3 g6 2. h4 h5 3. e4 d6 4. d4 e6 5. Bg5 Be7 6. Nf3 Nd7 7. e5 d5 8. Qd2 a6
9. Be2 c5 10. O-O-O b5 11. Bxe7 Nxe7 12. dxc5 Nxc5 13. Qd4 Qc7 14. Qf4 Rb8 15.
Qf6 Rf8 16. Bd3 b4 17. Ne2 b3 18. axb3 Nxb3+ 19. Kb1 Nc5 20. Ned4 Qb6 21. b3
Bd7 22. Qf4 a5 23. Qe3 a4 24. Nd2 axb3 25. N2xb3 Nc6 26. Nb5 Nxe5 27. Qxe5 Bxb5
28. Nxc5 Bxd3+ 29. Kc1 Qb1+ 30. Kd2 Qxc2+ 31. Ke1 Rb1 32. Rxb1 Qxb1+ 33. Kd2
Qc2+ 34. Ke3 Qxc5+ 35. Kxd3 Kd7 36. Rb1 Rc8 37. Rb7+ Rc7 38. Rxc7+ Qxc7 39. Qf6
Qc4+ 40. Kd2 Qb4+ 41. Ke2 Qe4+ 42. Kd2 Qf5 43. Qd4 Ke7 44. f3 g5 45. Ke3 gxh4
46. Qxh4+ Kf8 47. Qd4 f6 48. Qc5+ Kf7 49. Qc7+ Kg6 50. Qd8 Qg5+ 51. Kf2 h4 52.
Qg8+ Kf5 53. Qh7+ Kf4 54. Qd3 Qg3+ 55. Kf1 h3 56. Qd2+ Kf5 57. Qc2+ Kg5 58.
Qd2+ Kh5 0-1

[Event "LLHH 1819 Diagonale - HSK IV"]
[Site "?"]
[Date "2019.04.13"]
[Round "8.1"]
[White "Weihrauch, Jakob"]
[Black "Kuberczyk, Christoph"]
[Result "1/2-1/2"]
[WhiteElo "2138"]
[BlackElo "2279"]
[PlyCount "66"]
[EventDate "2019.??.??"]

1. e4 e5 2. Nf3 Nc6 3. Bb5 a6 4. Ba4 Nf6 5. O-O b5 6. Bb3 Bc5 7. c3 d6 8. d4
Bb6 9. a4 Rb8 10. Na3 O-O 11. axb5 axb5 12. Nxb5 exd4 13. cxd4 Bg4 14. Ba4 d5
15. e5 Ne4 16. Be3 Na5 17. h3 Bh5 18. Qd3 Nc4 19. b3 Nxe3 20. Qxe3 c6 21. Nc3
Bxf3 22. gxf3 Qg5+ 23. Qxg5 Nxg5 24. Kg2 Bxd4 25. Rac1 Ne6 26. Ne2 Bxe5 27.
Bxc6 d4 28. Rfd1 Rfd8 29. Rd3 Rdc8 30. Rc4 g5 31. b4 Ra8 32. Bd5 Rxc4 33. Bxc4
Nf4+ 1/2-1/2

[Event "LLHH 1819 Diagonale - HSK IV"]
[Site "?"]
[Date "2019.04.13"]
[Round "8.2"]
[White "Fries-Nielsen, Jens Ove"]
[Black "Frackowiak, Oliver"]
[Result "1-0"]
[WhiteElo "2360"]
[BlackElo "2206"]
[PlyCount "77"]
[EventDate "2019.??.??"]

1. e4 c5 2. Nf3 e6 3. d3 Nc6 4. g3 d5 5. Qe2 Nf6 6. Bg2 Be7 7. O-O O-O 8. e5
Nd7 9. c4 d4 10. h4 Qc7 11. Bf4 Rb8 12. Nbd2 a6 13. Rfe1 b5 14. Ng5 h6 15. Nh3
Nb4 16. Qg4 Kh8 17. Be4 Bb7 18. Bxh6 gxh6 19. Qh5 Kg7 20. Qg4+ Kh8 21. Qh5 Kg7
22. Bxb7 Rxb7 23. Re4 Rh8 24. Nf4 Rh7 25. Rae1 Rb8 26. Nf3 bxc4 27. dxc4 Nxa2
28. Nh2 Rxb2 29. Ng4 Nf8 30. Nf6 Bxf6 31. exf6+ Kxf6 32. Qf3 Kg7 33. Nh5+ Kg8
34. Rg4+ Ng6 35. Rxe6 Rb1+ 36. Kh2 Rb8 37. Rexg6+ fxg6 38. Rxg6+ Rg7 39. Qd5+
1-0

[Event "LLHH 1819 Diagonale - HSK IV"]
[Site "?"]
[Date "2019.04.13"]
[Round "8.3"]
[White "Poeck, Ole"]
[Black "Fries-Nielsen, Niels Jorgen"]
[Result "0-1"]
[WhiteElo "2254"]
[BlackElo "2323"]
[PlyCount "108"]
[EventDate "2019.??.??"]

1. d4 c5 2. d5 d6 3. e4 Nf6 4. Nc3 g6 5. Bb5+ Bd7 6. a4 Bg7 7. Nf3 O-O 8. Nd2
Bxb5 9. axb5 Nbd7 10. O-O a6 11. bxa6 Rxa6 12. Rxa6 bxa6 13. Qe2 Qb6 14. Nc4
Qb4 15. e5 dxe5 16. Nxe5 Nxe5 17. Qxe5 Qd4 18. Qe3 Qxe3 19. Bxe3 Nd7 20. Na4
Rc8 21. c3 Be5 22. Rd1 Bd6 23. h3 Rb8 24. Kf1 Rb5 25. Rd2 f5 26. f3 Ra5 27. b3
c4 28. Nb2 cxb3 29. Ke2 Ra1 30. c4 a5 31. Nd3 a4 32. c5 Nxc5 33. Bxc5 a3 34.
Bd4 b2 35. Bxb2 axb2 36. Rxb2 Ra5 37. Rc2 Rxd5 38. Rc4 Ra5 39. f4 Ra2+ 40. Kf3
Ra3 41. Ke2 Kf7 42. Rd4 Ke6 43. g3 h6 44. Kf1 Ra2 45. Rc4 Kd5 46. Rc3 Kd4 47.
Rb3 Kc4 48. Rb2 Ra3 49. Ne5+ Bxe5 50. fxe5 Rxg3 51. Rb7 e6 52. Rd7 Re3 53. Rg7
Rxh3 54. Rxg6 Kd5 0-1

[Event "LLHH 1819 Diagonale - HSK IV"]
[Site "?"]
[Date "2019.04.13"]
[Round "8.4"]
[White "Guindy, Esmat Susanne"]
[Black "Meier, David Geffrey"]
[Result "1-0"]
[WhiteElo "2144"]
[BlackElo "2158"]
[PlyCount "141"]
[EventDate "2019.??.??"]

1. c4 e5 2. g3 Nf6 3. Bg2 d5 4. cxd5 Nxd5 5. Nc3 Ne7 6. Nf3 Nbc6 7. O-O g6 8.
d3 Bg7 9. Rb1 O-O 10. b4 a6 11. a4 Bg4 12. h3 Bd7 13. Ne4 b6 14. Bd2 Nf5 15. a5
Rb8 16. Rc1 Ncd4 17. Nxd4 Nxd4 18. axb6 cxb6 19. e3 Ne6 20. Nd6 Qe7 21. Nc4 Bb5
22. Bc3 Nd8 23. Qe2 Nc6 24. Qb2 f6 25. Rfd1 Rfd8 26. Na3 Na7 27. Nxb5 Nxb5 28.
Qa2+ Kh8 29. Qxa6 Nxc3 30. Rxc3 f5 31. Rdc1 Qxb4 32. Rc7 Qa5 33. Qc4 Rf8 34.
Qe6 e4 35. d4 b5 36. Qd7 Rg8 37. Bf1 Qb6 38. R1c6 Qa5 39. Rc5 Rbd8 40. Qc6 Qa8
41. Rxb5 Qxc6 42. Rxc6 Bf8 43. Bc4 Rg7 44. Be6 Ra7 45. d5 Kg7 46. g4 fxg4 47.
hxg4 Kf6 48. Bf5+ Kg5 49. Bxe4 Kxg4 50. Kg2 Bd6 51. Rbb6 Bc7 52. Rb1 Bd6 53.
Rbb6 Bc7 54. f3+ Kg5 55. f4+ Kh6 56. Rb1 Bd6 57. Kf3 Kg7 58. Bd3 Rf7 59. Rg1
Kf8 60. Rg4 Ke7 61. e4 Rdf8 62. e5 Bb8 63. Rb6 Ba7 64. d6+ Kd8 65. Rc6 h5 66.
Rxg6 Rxf4+ 67. Ke2 Rf2+ 68. Kd1 R2f3 69. Be2 Rh3 70. e6 Rh1+ 71. Kd2 1-0

[Event "LLHH 1819 Diagonale - HSK IV"]
[Site "?"]
[Date "2019.04.13"]
[Round "8.5"]
[White "Jürgens, Bernhard"]
[Black "Becker, Martin"]
[Result "1-0"]
[WhiteElo "2090"]
[BlackElo "1946"]
[PlyCount "51"]
[EventDate "2019.??.??"]

1. e4 e5 2. Bc4 Nf6 3. d3 Bc5 4. Nc3 O-O 5. f4 d6 6. f5 c6 7. Qf3 b5 8. Bb3 a5
9. a3 a4 10. Ba2 Nbd7 11. g4 d5 12. g5 dxe4 13. dxe4 Ne8 14. h4 Nd6 15. Nge2
Ba6 16. g6 Nf6 17. Bg5 b4 18. axb4 Bxe2 19. Nxe2 Bxb4+ 20. c3 Bc5 21. Rd1 Qb6
22. Bxf6 gxf6 23. Qh5 hxg6 24. Qxg6+ Kh8 25. Qh6+ Kg8 26. Rh2 1-0

[Event "LLHH 1819 Diagonale - HSK IV"]
[Site "?"]
[Date "2019.04.13"]
[Round "8.6"]
[White "Döderlein, Etienne"]
[Black "Kirsch, Sergius"]
[Result "0-1"]
[WhiteElo "1879"]
[BlackElo "1992"]
[PlyCount "74"]
[EventDate "2019.??.??"]

1. d4 Nf6 2. Nf3 g6 3. e3 Bg7 4. c4 O-O 5. Nc3 d6 6. Be2 Nc6 7. d5 Nb8 8. O-O
a5 9. Re1 Na6 10. e4 e5 11. Qc2 Nc5 12. b3 h6 13. Rb1 Ne8 14. Nd2 f5 15. f3 Nf6
16. a3 Nh5 17. Nf1 fxe4 18. fxe4 Nf4 19. b4 axb4 20. axb4 Nd7 21. Be3 b6 22.
Bg4 h5 23. Bxd7 Bxd7 24. c5 bxc5 25. bxc5 h4 26. cxd6 cxd6 27. Rec1 Rc8 28. Qd2
Qf6 29. Ne2 Rxc1 30. Rxc1 Bg4 31. Nxf4 exf4 32. Bf2 h3 33. g3 fxg3 34. Bxg3 Qf3
35. Re1 Bd4+ 36. Ne3 Bxe3+ 37. Rxe3 Qf1# 0-1

[Event "LLHH 1819 Diagonale - HSK IV"]
[Site "?"]
[Date "2019.04.13"]
[Round "8.7"]
[White "Posske, Thore"]
[Black "Holst, Marten"]
[Result "1/2-1/2"]
[WhiteElo "2018"]
[BlackElo "1932"]
[PlyCount "132"]
[EventDate "2019.??.??"]

1. d4 Nf6 2. Nf3 b6 3. c4 e6 4. Nc3 Bb4 5. Qb3 Bxc3+ 6. Qxc3 Ne4 7. Qd3 f5 8.
Nd2 Bb7 9. Nxe4 Bxe4 10. Qg3 Qe7 11. a3 d6 12. Bg5 Qf7 13. Bd2 O-O 14. e3 Nd7
15. f3 Bb7 16. Bd3 e5 17. O-O Rae8 18. d5 Bc8 19. Rac1 e4 20. Bc2 exf3 21. gxf3
Ne5 22. b3 Qh5 23. Kf2 Rf6 24. Rg1 Re7 25. Rg2 Rg6 26. Qf4 Rxg2+ 27. Kxg2 Ng6
28. Qg3 f4 29. Bxg6 Qxg6 30. Qxg6 hxg6 31. e4 g5 32. Rg1 Kh7 33. Kf2 Kh6 34. h4
gxh4 35. Bxf4+ Kh7 36. Bg5 Rf7 37. Bxh4 Bd7 38. Ke3 Be8 39. f4 g6 40. e5 dxe5
41. fxe5 Rf5 42. Bf6 Rh5 43. e6 Kh6 44. Rg4 g5 45. Be5 Kg6 46. Bxc7 Kf5 47. Rg3
g4 48. b4 Rh1 49. c5 bxc5 50. bxc5 Rd1 51. d6 Kxe6 52. Rxg4 Rd5 53. Rg7 Bb5 54.
Re7+ Kf5 55. Bb8 Rd3+ 56. Kf2 a6 57. Rb7 Ke6 58. Re7+ Kf6 59. Ra7 Rxa3 60. d7
Ke7 61. Bf4 Ra2+ 62. Kg3 Ra3+ 63. Kh4 Ra4 64. Kg3 Ra3+ 65. Kf2 Ra2+ 66. Kg3
Ra3+ 1/2-1/2

[Event "LLHH 1819 Diagonale - HSK IV"]
[Site "?"]
[Date "2019.04.13"]
[Round "8.8"]
[White "Haschimi, Haschem"]
[Black "Grötzbach, Daniel"]
[Result "0-1"]
[WhiteElo "1917"]
[BlackElo "2067"]
[PlyCount "70"]
[EventDate "2019.??.??"]

1. d4 d5 2. Bg5 h6 3. Bh4 c6 4. c3 Nf6 5. Nd2 Bf5 6. Qb3 b6 7. Ngf3 g5 8. Bg3
Nh5 9. Ne5 Nxg3 10. hxg3 f6 11. g4 Bh7 12. Nd3 Bg7 13. e3 e5 14. O-O-O Qd6 15.
Be2 Nd7 16. Rdf1 c5 17. Qa3 Qc6 18. dxe5 fxe5 19. c4 e4 20. cxd5 Qxd5 21. Ne1
Ne5 22. Qa4+ Ke7 23. f4 exf3 24. Ndxf3 Rhd8 25. Nc2 Nxf3 26. Bxf3 Qe5 27. Qa3
Rd3 28. b3 Rad8 29. Rd1 Qc3 30. e4 Rd2 31. Rxd2 Qxd2+ 32. Kb1 a5 33. Qc1 Qc3
34. Ne3 Qa1+ 35. Kc2 Qxa2+ 0-1

[Event "Fischbek - Diogenes II"]
[Site "?"]
[Date "2019.04.13"]
[Round "8.1"]
[White "Rieling, Thomas"]
[Black "Serrer, Christoph"]
[Result "0-1"]
[WhiteElo "2090"]
[BlackElo "2282"]
[PlyCount "78"]
[EventDate "2019.??.??"]

1. e4 c5 2. Nc3 Nc6 3. g3 g6 4. Bg2 Bg7 5. d3 d6 6. f4 e6 7. Nf3 Nge7 8. O-O
O-O 9. Be3 b6 10. d4 d5 11. exd5 Nf5 12. Bf2 Ncxd4 13. Ne5 exd5 14. Nxd5 Be6
15. c4 Rc8 16. Qd3 b5 17. b3 Re8 18. Rad1 bxc4 19. bxc4 Qd6 20. Qa3 Bxd5 21.
Bxd5 Bxe5 22. fxe5 Rxe5 23. Bxd4 cxd4 24. Qxd6 Nxd6 25. Rxd4 Kg7 26. Rf2 Rc7
27. Rdf4 Nf5 28. g4 Re1+ 29. Kg2 Ne3+ 30. Kh3 Nxd5 31. cxd5 Rd1 32. Kg2 Rxd5
33. Re4 h5 34. h3 hxg4 35. hxg4 Kh6 36. Ref4 Kg5 37. Kg3 Rd3+ 38. Kg2 Ra3 39.
Kh2 Rxa2 0-1

[Event "Fischbek - Diogenes II"]
[Site "?"]
[Date "2019.04.13"]
[Round "8.2"]
[White "de Voogt, Jürgen"]
[Black "Kilic, Oguz"]
[Result "1-0"]
[WhiteElo "2219"]
[BlackElo "2021"]
[PlyCount "79"]
[EventDate "2019.??.??"]

1. e4 c5 2. Nc3 Nc6 3. g3 g6 4. Bg2 Bg7 5. d3 d6 6. Nge2 e5 7. O-O Nge7 8. Be3
Nd4 9. f4 Be6 10. h3 h5 11. Kh2 Qd7 12. Nd5 Bxd5 13. exd5 Nef5 14. Bf2 O-O-O
15. Nxd4 exd4 16. Qd2 Rde8 17. Rae1 g5 18. Rxe8+ Rxe8 19. Be4 Ne3 20. Bxe3 dxe3
21. Qe2 f5 22. Bg2 h4 23. gxh4 gxf4 24. c3 Be5 25. Kh1 Rg8 26. d4 cxd4 27. cxd4
Bxd4 28. Qc4+ Bc5 29. b4 Qg7 30. Qc2 e2 31. Qxe2 Bxb4 32. Rxf4 Bc5 33. Rxf5 Qd4
34. Rf1 Kc7 35. Qe7+ Kb6 36. Rb1+ Ka5 37. Qc7+ Bb6 38. Qxd6 Bc5 39. Qc7+ Bb6
40. Qe7 1-0

[Event "Fischbek - Diogenes II"]
[Site "?"]
[Date "2019.04.13"]
[Round "8.3"]
[White "Hein, Ralf"]
[Black "Kneip, Jakob"]
[Result "1-0"]
[WhiteElo "2040"]
[BlackElo "2099"]
[PlyCount "69"]
[EventDate "2019.??.??"]

1. c4 e6 2. Nc3 d5 3. d4 Nf6 4. Nf3 Be7 5. Bf4 O-O 6. e3 b6 7. Rc1 Bb7 8. cxd5
Nxd5 9. Nxd5 Qxd5 10. a3 Bd6 11. Bxd6 cxd6 12. Bc4 Qa5+ 13. Rc3 Rc8 14. O-O b5
15. Bd3 Rxc3 16. bxc3 Qxa3 17. Bxh7+ Kxh7 18. Ng5+ Kg6 19. Qg4 f5 20. Qh4 Qa2
21. Qh7+ Kf6 22. Qg8 Nd7 23. Qf7+ Kxg5 24. Qxg7+ Kh5 25. h4 Rg8 26. Qh7+ Kg4
27. f3+ Kg3 28. Qxg8+ Kxh4 29. Qh7+ Kg5 30. Qg7+ Kh5 31. Qxd7 Bd5 32. Qh7+ Kg5
33. Qg7+ Kh5 34. f4 Bxg2 35. Qg5# 1-0

[Event "Fischbek - Diogenes II"]
[Site "?"]
[Date "2019.04.13"]
[Round "8.4"]
[White "Brandt, Carina"]
[Black "Bartels, Holger"]
[Result "1-0"]
[WhiteElo "2063"]
[BlackElo "2071"]
[PlyCount "139"]
[EventDate "2019.??.??"]

1. e4 c5 2. c3 d5 3. exd5 Qxd5 4. d4 Nc6 5. Nf3 Bf5 6. Be3 cxd4 7. cxd4 e6 8.
Nc3 Bb4 9. Be2 Nf6 10. O-O Qd8 11. Qb3 O-O 12. Ne5 Bxc3 13. Nxc6 bxc6 14. bxc3
Nd5 15. Bf3 Qe7 16. Bc1 Rab8 17. Qc4 Rfc8 18. Re1 Qd6 19. a4 Qd7 20. Ba3 Bc2
21. Bc5 h6 22. Qe2 Bf5 23. Qd2 Rb7 24. c4 Nf6 25. Qf4 Rb3 26. Re3 Rxe3 27. fxe3
Bd3 28. Rc1 Qc7 29. Qxc7 Rxc7 30. Bd6 Rd7 31. Be5 Be4 32. Bd1 Rb7 33. Kf1 Rb4
34. a5 Bd3+ 35. Be2 Bxe2+ 36. Kxe2 Ra4 37. Bc7 Ra2+ 38. Kf3 Ne8 39. Bd8 Nd6 40.
Rb1 Nxc4 41. Rb7 Ra3 42. Rxa7 Rxe3+ 43. Kf2 Ra3 44. a6 f6 45. Be7 Ra2+ 46. Kf3
Nb6 47. Bc5 Na4 48. Ra8+ Kh7 49. Bf8 Nc3 50. a7 Nb5 51. Bc5 e5 52. dxe5 fxe5
53. h3 Ra4 54. g3 h5 55. Ke3 Kg6 56. Kd3 Kh7 57. Rb8 Nxa7 58. Ra8 Ra5 59. Kc4
Ra4+ 60. Kb3 Ra5 61. Kb4 Rb5+ 62. Kc4 Ra5 63. Rxa7 Rxa7 64. Bxa7 Kg6 65. Kd3
Kf5 66. Ke3 g6 67. Bb6 Ke6 68. Ke4 Kd6 69. Ba7 Ke6 70. Bb8 1-0

[Event "Fischbek - Diogenes II"]
[Site "?"]
[Date "2019.04.13"]
[Round "8.5"]
[White "Hohlfeld, Wolfgang"]
[Black "Schneider, Alexander"]
[Result "1-0"]
[WhiteElo "2057"]
[BlackElo "2067"]
[PlyCount "45"]
[EventDate "2019.??.??"]

1. e4 c5 2. c3 d5 3. exd5 Qxd5 4. d4 Nf6 5. Nf3 g6 6. Be2 Bg7 7. O-O cxd4 8.
Nxd4 O-O 9. Be3 e5 10. Nb5 Nc6 11. Nc7 Qxd1 12. Rxd1 Rb8 13. Bc5 Bf5 14. Bxf8
Bxf8 15. Nd5 Nxd5 16. Rxd5 Be6 17. Rd1 f5 18. Nd2 b5 19. a4 b4 20. Bb5 Na5 21.
Nf3 Nb3 22. Rab1 Rc8 23. cxb4 1-0

[Event "Fischbek - Diogenes II"]
[Site "?"]
[Date "2019.04.13"]
[Round "8.7"]
[White "Neumann, Michael"]
[Black "Reinhardt, Philip"]
[Result "1-0"]
[WhiteElo "2115"]
[BlackElo "2028"]
[PlyCount "61"]
[EventDate "2019.??.??"]

1. e4 c5 2. Nf3 Nc6 3. Bb5 g6 4. Bxc6 dxc6 5. h3 Bg7 6. d3 Nf6 7. Nc3 O-O 8.
Be3 b6 9. Qd2 c4 10. d4 b5 11. a3 Re8 12. O-O Bb7 13. Bh6 Bh8 14. e5 Nd5 15.
Ne4 Bc8 16. Nc5 a5 17. Rfe1 Rb8 18. e6 fxe6 19. Ne5 Bxe5 20. Rxe5 b4 21. axb4
axb4 22. Qe2 c3 23. b3 Nc7 24. Qe4 Qd6 25. h4 Rd8 26. Rd1 Rb5 27. h5 Na6 28.
Rd3 Ra5 29. hxg6 Qc7 30. gxh7+ Kh8 31. Qg6 1-0

[Event "LLHH 1819 Großhansdorf - St. Pauli III"]
[Site "?"]
[Date "2019.04.13"]
[Round "8.1"]
[White "Göpfert, Jakob"]
[Black "Gara, Anita"]
[Result "1/2-1/2"]
[WhiteElo "2117"]
[BlackElo "2369"]
[PlyCount "67"]
[EventDate "2019.??.??"]

1. d4 Nf6 2. c4 g6 3. Nc3 Bg7 4. e4 d6 5. Nf3 O-O 6. Be2 Qe8 7. O-O e5 8. d5 a5
9. Ne1 Na6 10. Be3 Nd7 11. a3 f5 12. f3 Nb6 13. Nb5 Qd8 14. b4 axb4 15. axb4
Nxb4 16. c5 Rxa1 17. Qxa1 dxc5 18. Bxc5 Na6 19. Bxf8 Qxf8 20. Nd3 Bd7 21. Rb1
Nc5 22. Qc3 Nba4 23. Qc4 c6 24. Nxc5 Qxc5+ 25. Qxc5 Nxc5 26. Nd6 Bf8 27. Nxb7
fxe4 28. dxc6 Bxc6 29. Bc4+ Kg7 30. Nd8 Bd7 31. fxe4 Be7 32. Nf7 Bc6 33. Nxe5
Bxe4 34. Rf1 1/2-1/2

[Event "LLHH 1819 Großhansdorf - St. Pauli III"]
[Site "?"]
[Date "2019.04.13"]
[Round "8.2"]
[White "Kuhn, Gerd"]
[Black "Wronn, Bernd"]
[Result "1-0"]
[WhiteElo "2052"]
[BlackElo "2131"]
[PlyCount "133"]
[EventDate "2019.??.??"]

1. d4 Nf6 2. c4 e6 3. Nf3 d5 4. Nc3 c5 5. cxd5 Nxd5 6. e4 Nxc3 7. bxc3 cxd4 8.
cxd4 Nc6 9. Be2 Bb4+ 10. Bd2 Qa5 11. Bxb4 Qxb4+ 12. Qd2 O-O 13. Qxb4 Nxb4 14.
O-O b6 15. a3 Ba6 16. Rfe1 Bxe2 17. Rxe2 Na6 18. Rc1 Rac8 19. Rec2 Rxc2 20.
Rxc2 f6 21. Kf1 Kf7 22. Rc4 Ra8 23. g4 Ke7 24. g5 Kd7 25. gxf6 gxf6 26. e5 f5
27. d5 exd5 28. Rh4 Re8 29. Rxh7+ Re7 30. Rh6 Nc7 31. Rf6 Nb5 32. a4 Nc3 33. a5
bxa5 34. Ra6 a4 35. Rxa7+ Ke8 36. Ra8+ Kd7 37. Ra7+ Ke8 38. Ra8+ Kd7 39. Ke1
Re6 40. Ra7+ Kc8 41. Kd2 Ne4+ 42. Ke3 Rb6 43. Nd4 Rh6 44. Nxf5 Rxh2 45. f3 Ng5
46. Rxa4 Rh3 47. Nd4 Rh4 48. Ra5 Kd7 49. Rxd5+ Ke8 50. e6 Nh7 51. Nc6 Kf8 52.
Rd8+ Kg7 53. e7 Nf6 54. e8=Q Nxe8 55. Rxe8 Ra4 56. Nd4 Kf7 57. Re5 Ra3+ 58. Ke4
Ra4 59. f4 Ra1 60. Kf5 Ra4 61. Ne6 Ra6 62. Ng5+ Kg7 63. Re7+ Kf8 64. Re6 Ra4
65. Rb6 Rc4 66. Kg6 Kg8 67. Rb8+ 1-0

[Event "LLHH 1819 Großhansdorf - St. Pauli III"]
[Site "?"]
[Date "2019.04.13"]
[Round "8.3"]
[White "Kluth, Carsten"]
[Black "Paul, Anatolij"]
[Result "1-0"]
[WhiteElo "2102"]
[BlackElo "2084"]
[PlyCount "101"]
[EventDate "2019.??.??"]

1. d4 d5 2. Bf4 Nf6 3. e3 c5 4. Nc3 e6 5. Nb5 Na6 6. Nf3 Be7 7. h3 Qb6 8. a4 c4
9. Be2 Bd7 10. O-O Bxb5 11. axb5 Qxb5 12. b3 Ne4 13. Ne5 Nc3 14. bxc4 Nxd1 15.
cxb5 Nc3 16. Bh5 Nxb5 17. Bxf7+ Kf8 18. Bxe6 Nac7 19. Bg4 Bd6 20. Rfb1 b6 21.
Bf3 Ke7 22. Rb3 a5 23. Be2 a4 24. Rxb5 Nxb5 25. Bxb5 a3 26. Bg5+ Kf8 27. Ra2 g6
28. Bf6 Rg8 29. c4 Be7 30. Nd7+ Kf7 31. Bxe7 Kxe7 32. Nxb6 Ra5 33. Nxd5+ Kd6
34. Nc3 Rb8 35. Kf1 h5 36. Ke2 Ke6 37. Kd3 g5 38. f3 g4 39. hxg4 hxg4 40. f4
Rh8 41. e4 Rh1 42. c5 Rf1 43. Bc4+ Kd7 44. f5 g3 45. Ne2 Kc7 46. Be6 Ra4 47.
Ke3 Rf2 48. Nxg3 Rxa2 49. Bxa2 Rb4 50. Bd5 Rb2 51. Ne2 1-0